| 000 | 00473nam a2200097Ia 4500 | ||
|---|---|---|---|
| 008 | 180130s9999 xx 000 0 und d | ||
| 245 |
_cJeong, Seol Young; Jo, Hyeong Gon; Kang, Soon Ju _aSelf-organizing distributed architecture supporting dynamic space expanding and reducing in indoor LBS environment |
||
| 260 | _c2016 | ||
| 300 | _aBook title: Wireless sensor networks : from theory to applications--Acession number C20745; pages 23-46 | ||
| 650 | _aWIRELESS SENSOR NETWORKS | ||
| 999 |
_c353995 _d353995 |
||